000 00948nam a22002537a 4500
999 _c63701
_d63701
005 20240530110654.0
008 171218s2016 ua ak g b 000 0 ara d
017 _a2015/22147
_bمصر. دار الكتب
020 _a9777800280
040 _aEG-CaGPL
_cEG-CaGPL
082 0 4 _221
_a401.018 /
_bإ ن
100 0 _aابراهيم الدسوقى
245 1 0 _aنظرية مونتاجو اللغوية وتطبيقها على اللغة العربية /
_cابراهيم الدسوقى
250 _aط.1
260 _aالقاهرة :
_bعالم الكتب ،
_c2016.
300 _a159 ص. :
_bايض ؛
_c24 سم.
504 _aيشتمل على ارجاعات ببليوجرافية
650 0 7 _2qrmak
_aالنحو
650 0 7 _2qrmak
_aاللغة العربية
_xالنحو
651 _2qrmak
653 0 _aاللغة العربية - نظرية مونتاجو
942 _2ddc
_cBK